[Event "Zudov Memorial-B 5th"]
[Site "Nizhnij Tagil"]
[Date "2009.06.28"]
[Round "10"]
[White "Kornev, Alexander"]
[Black "Manakova, Irina"]
[Result "1/2-1/2"]
[WhiteElo "2300"]
[BlackElo "2175"]
[PlyCount "102"]
[EventDate "2009.06.19"]
[EventType "tourn"]
[EventRounds "10"]
[EventCountry "RUS"]
[SourceTitle "EXT 2021"]
[Source "ChessBase"]
[SourceDate "2020.10.23"]
[SourceVersion "1"]
[SourceVersionDate "2020.10.23"]
[SourceQuality "1"]

1. e4 e5 2. Nf3 Nc6 3. Bb5 f5 4. d3 fxe4 5. dxe4 Nf6 6. 0-0 d6 7. Nc3 Bg4 8. Qd3 Bxf3 9. Qxf3 a6 10. Bc4 Nd4 11. Qd1 b5 12. Bd3 Be7 13. a4 c6 14. Ne2 Nxe2+ 15. Qxe2 0-0 16. Bd2 Qb6 17. c4 b4 18. a5 Qb7 19. c5 d5 20. exd5 cxd5 21. Qxe5 Bxc5 22. Qe6+ Kh8 23. Rac1 Qa7 24. Qh3 Ne4 25. Be3 Bxe3 26. Qxe3 Qxe3 27. fxe3 Rxf1+ 28. Kxf1 Nd2+ 29. Ke2 Nb3 30. Rc6 Nxa5 31. Rb6 Nb3 32. Rxb4 Nc5 33. Rd4 g6 34. Rxd5 Na4 35. Ra5 Nxb2 36. Bxa6 Nc4 37. Ra2 Ne5 38. h3 Nc6 39. Ra4 Nb8 40. Bb5 Rxa4 41. Bxa4 Na6 42. Bc2 Nc5 43. Kd2 Kg7 44. Kc3 Kf6 45. Kc4 Nd7 46. Kd4 Ne5 47. Ba4 g5 48. Kd5 h5 49. Be8 h4 50. Bh5 Kf5 51. Bg4+ Kf6 1/2-1/2

[Event "Zudov Memorial-B 5th"]
[Site "Nizhnij Tagil"]
[Date "2009.06.26"]
[Round "8"]
[White "Baraeva, Irina"]
[Black "Manakova, Irina"]
[Result "1/2-1/2"]
[WhiteElo "2045"]
[BlackElo "2175"]
[PlyCount "99"]
[EventDate "2009.06.19"]
[EventType "tourn"]
[EventRounds "10"]
[EventCountry "RUS"]
[SourceTitle "EXT 2021"]
[Source "ChessBase"]
[SourceDate "2020.10.23"]
[SourceVersion "1"]
[SourceVersionDate "2020.10.23"]
[SourceQuality "1"]

1. d4 e6 2. c4 Nf6 3. Nc3 Bb4 4. Nf3 Bxc3+ 5. bxc3 d6 6. Bg5 Qe7 7. e3 c5 8. Bd3 e5 9. Be2 h6 10. Bh4 Nbd7 11. Qc2 Nf8 12. Bg3 Ng6 13. Rd1 b6 14. Nh4 Nxh4 15. Bxh4 Bb7 16. Qa4+ Qd7 17. Qxd7+ Nxd7 18. 0-0 g5 19. Bg3 f5 20. Bh5+ Ke7 21. f4 exf4 22. exf4 Be4 23. Rfe1 Rhg8 24. fxg5 hxg5 25. Bf3 Nf6 26. h3 Rad8 27. Rd2 Kf7 28. Red1 f4 29. Bf2 Rde8 30. a4 Rh8 31. Bxe4 Nxe4 32. Rd3 Re7 33. Re1 Rhe8 34. Rf3 Kg6 35. Rd1 Nxf2 36. Rxf2 Re1+ 37. Rxe1 Rxe1+ 38. Rf1 Rxf1+ 39. Kxf1 Kf5 40. Kf2 cxd4 41. cxd4 Ke4 42. g3 fxg3+ 43. Kxg3 Kxd4 44. Kg4 Ke4 45. Kxg5 d5 46. h4 d4 47. h5 d3 48. h6 d2 49. h7 d1Q 50. h8Q 1/2-1/2

[Event "Zudov Memorial-B 5th"]
[Site "Nizhnij Tagil"]
[Date "2009.06.19"]
[Round "1"]
[White "Manakova, Irina"]
[Black "Trubitsyna, Yulia"]
[Result "1-0"]
[WhiteElo "2175"]
[BlackElo "1934"]
[PlyCount "47"]
[EventDate "2009.06.19"]
[EventType "tourn"]
[EventRounds "10"]
[EventCountry "RUS"]
[SourceTitle "EXT 2021"]
[Source "ChessBase"]
[SourceDate "2020.10.23"]
[SourceVersion "1"]
[SourceVersionDate "2020.10.23"]
[SourceQuality "1"]

1. e4 d6 2. d4 Nf6 3. Nc3 g6 4. f3 Bg7 5. Be3 0-0 6. Qd2 c6 7. g4 b5 8. h4 e5 9. 0-0-0 Qa5 10. dxe5 dxe5 11. Nge2 Na6 12. Ng3 Be6 13. Nf5 Bxf5 14. gxf5 b4 15. Nb1 Rad8 16. Bd3 Nc5 17. Qe2 Nxd3+ 18. Rxd3 Rxd3 19. Qxd3 Rd8 20. Qc4 gxf5 21. Rg1 f4 22. Bc5 Qb5 23. Qxb5 cxb5 24. Be7 1-0

[Event "RUS-ch (Women) 1st League 58th"]
[Site "Smolensk"]
[Date "2008.03.06"]
[Round "9"]
[White "Meshcheriakova, Evgenia"]
[Black "Manakova, Irina"]
[Result "1-0"]
[WhiteElo "2318"]
[BlackElo "2200"]
[PlyCount "37"]
[EventDate "2008.02.27"]
[EventType "swiss"]
[EventRounds "9"]
[EventCountry "RUS"]
[SourceTitle "CBM 123 Extra"]
[Source "ChessBase"]
[SourceDate "2008.05.06"]
[SourceVersion "1"]
[SourceVersionDate "2008.05.06"]
[SourceQuality "1"]

1. c4 Nf6 2. Nc3 e6 3. e4 d5 4. exd5 exd5 5. d4 c6 6. Nf3 h6 7. c5 Bf5 8. Bd3 Qe7+ 9. Be3 Bxd3 10. Qxd3 Ne4 11. 0-0 f5 12. Ne5 Qf6 13. Nxd5 Qd8 14. Nf4 g5 15. Qb3 Rh7 16. Qe6+ Qe7 17. Qc8+ Qd8 18. Qxf5 Nf6 19. Ne6 1-0

[Event "RUS-ch (Women) 1st League 58th"]
[Site "Smolensk"]
[Date "2008.03.01"]
[Round "4"]
[White "Gusarchuk, Anastasia"]
[Black "Manakova, Irina"]
[Result "0-1"]
[WhiteElo "2101"]
[BlackElo "2200"]
[PlyCount "136"]
[EventDate "2008.02.27"]
[EventType "swiss"]
[EventRounds "9"]
[EventCountry "RUS"]
[SourceTitle "CBM 123 Extra"]
[Source "ChessBase"]
[SourceDate "2008.05.06"]
[SourceVersion "1"]
[SourceVersionDate "2008.05.06"]
[SourceQuality "1"]

1. d4 Nf6 2. c4 e6 3. Nf3 b6 4. a3 Bb7 5. Nc3 Ne4 6. Qc2 f5 7. g3 Be7 8. Bg2 Bf6 9. Ne5 Nd6 10. Bxb7 Nxb7 11. e4 Nd6 12. Nf3 fxe4 13. Nxe4 Nc6 14. d5 Na5 15. dxe6 dxe6 16. 0-0 0-0 17. Neg5 Bxg5 18. Nxg5 Rf5 19. h4 g6 20. b3 Nf7 21. Nxf7 Rxf7 22. Bb2 Nc6 23. Qe4 Qe8 24. Rae1 Rd8 25. Bc3 Rf5 26. b4 Rd6 27. g4 Rf7 28. b5 Nd8 29. Qe5 Kf8 30. Bb4 Ke7 31. Rd1 Nb7 32. Bxd6+ cxd6 33. Qd4 e5 34. Qd5 Kf8 35. f4 exf4 36. Qd4 Qe3+ 37. Qxe3 fxe3 38. Rxf7+ Kxf7 39. Re1 Na5 40. Rxe3 Nxc4 41. Rc3 d5 42. a4 Ke6 43. Kf1 Ke5 44. Ke2 Kd4 45. Rd3+ Kc5 46. h5 d4 47. g5 Ne5 48. Rd1 d3+ 49. Ke3 Nc4+ 50. Ke4 Nb2 51. Rd2 Nxa4 52. Rxd3 Kxb5 53. Ke5 Nc5 54. Rh3 a5 55. hxg6 hxg6 56. Rh6 a4 57. Rxg6 a3 58. Rh6 Nd3+ 59. Kd4 a2 60. Rh1 Nf4 61. Ke4 Nh3 62. Kf5 Nxg5 63. Kxg5 Kc4 64. Kf4 b5 65. Ke5 b4 66. Rh4+ Kc3 67. Rh3+ Kb2 68. Rh2+ Ka3 0-1

[Event "RUS-ch (Women) 1st League 58th"]
[Site "Smolensk"]
[Date "2008.02.28"]
[Round "2"]
[White "Malinicheva, Lidia"]
[Black "Manakova, Irina"]
[Result "0-1"]
[WhiteElo "2075"]
[BlackElo "2200"]
[PlyCount "56"]
[EventDate "2008.02.27"]
[EventType "swiss"]
[EventRounds "9"]
[EventCountry "RUS"]
[SourceTitle "CBM 123 Extra"]
[Source "ChessBase"]
[SourceDate "2008.05.06"]
[SourceVersion "1"]
[SourceVersionDate "2008.05.06"]
[SourceQuality "1"]

1. e4 e5 2. Nf3 Nc6 3. Bb5 f5 4. d3 fxe4 5. dxe4 Nf6 6. Nc3 d6 7. h3 Be7 8. Qe2 a6 9. Bxc6+ bxc6 10. Qc4 Qd7 11. 0-0 d5 12. Qd3 Qd6 13. Re1 d4 14. Na4 Nh5 15. Kh2 0-0 16. b3 Nf4 17. Bxf4 Rxf4 18. Nb2 Qf6 19. Qc4+ Kh8 20. Qe2 Bxh3 21. Nd3 Rf8 22. Nxf4 Qxf4+ 23. Kxh3 Qh6+ 24. Kg3 Rf6 25. Nh4 Rf4 26. Nf5 Rxf5 27. exf5 Qf4+ 28. Kh3 Qh4# 0-1

[Event "Bykova Memorial op (Women)"]
[Site "Vladimir"]
[Date "2007.12.23"]
[Round "10"]
[White "Eidelson, Rakhil"]
[Black "Manakova, Irina"]
[Result "0-1"]
[WhiteElo "2189"]
[BlackElo "2200"]
[PlyCount "90"]
[EventDate "2007.12.14"]
[EventType "swiss"]
[EventRounds "10"]
[EventCountry "RUS"]
[SourceTitle "CBM 122 Extra"]
[Source "ChessBase"]
[SourceDate "2008.03.04"]
[SourceVersion "1"]
[SourceVersionDate "2008.03.04"]
[SourceQuality "1"]

1. d4 Nf6 2. Nf3 e6 3. g3 d5 4. Bg2 c5 5. 0-0 Nc6 6. c3 Bd6 7. dxc5 Bxc5 8. Nbd2 0-0 9. Nb3 Bd6 10. Qc2 Qc7 11. Nbd4 a6 12. Nxc6 bxc6 13. Nd2 Bc5 14. Nb3 Bb6 15. c4 Qa7 16. c5 Bc7 17. Bg5 Bd8 18. Nd4 Qd7 19. Nf3 h6 20. Bf4 Bc7 21. Ne5 Qe8 22. Ng4 Bxf4 23. Nxf6+ gxf6 24. gxf4 e5 25. Qd2 Kh7 26. e4 d4 27. fxe5 fxe5 28. f4 Rg8 29. Kh1 Ra7 30. Rf2 f6 31. fxe5 fxe5 32. Rf6 Qh5 33. Rf2 Rag7 34. Raf1 Bh3 35. Bxh3 Qxh3 36. Rf7 Qg4 37. Qc2 Kh8 38. Rxg7 Rxg7 39. Qf2 Qxe4+ 40. Qf3 Qxf3+ 41. Rxf3 e4 42. Rf6 e3 43. Rxh6+ Kg8 44. Re6 Rd7 45. Kg2 d3 0-1

[Event "Bykova Memorial op (Women)"]
[Site "Vladimir"]
[Date "2007.12.19"]
[Round "6"]
[White "Butneva, Larisa"]
[Black "Manakova, Irina"]
[Result "0-1"]
[WhiteElo "1925"]
[BlackElo "2200"]
[PlyCount "100"]
[EventDate "2007.12.14"]
[EventType "swiss"]
[EventRounds "10"]
[EventCountry "RUS"]
[SourceTitle "CBM 122 Extra"]
[Source "ChessBase"]
[SourceDate "2008.03.04"]
[SourceVersion "1"]
[SourceVersionDate "2008.03.04"]
[SourceQuality "1"]

1. e4 e5 2. Nf3 Nc6 3. Bc4 Nf6 4. d4 exd4 5. e5 d5 6. Bb5 Ne4 7. Nxd4 Bd7 8. Bxc6 bxc6 9. 0-0 Bc5 10. Be3 Bb6 11. f3 Ng5 12. Qd2 Bxd4 13. Bxd4 Ne6 14. Bf2 f6 15. Re1 fxe5 16. Rxe5 Qf6 17. Bg3 0-0 18. Na3 Rab8 19. c3 Nc5 20. b4 Ne6 21. Nc2 Rf7 22. Rae1 Qg6 23. R1e2 Rbf8 24. Ne1 h6 25. Nd3 Ng5 26. Ne1 Ne4 27. Qe3 a6 28. Bf2 Ng5 29. Bg3 Qb1 30. f4 Ne4 31. Rc2 g5 32. Qc1 Qxc1 33. Rxc1 gxf4 34. Bh4 Bg4 35. c4 f3 36. gxf3 Bxf3 37. Nxf3 Rxf3 38. cxd5 R8f4 39. Kg2 Ra3 40. Rc2 Rxh4 41. dxc6 Rg4+ 42. Kf1 Rf3+ 43. Ke2 Rf2+ 44. Kd3 Rxc2 45. Kxc2 Nd6 46. Kb3 Rh4 47. Re7 Rh3+ 48. Kc2 Rxh2+ 49. Kb3 Rh3+ 50. Kb2 Nb5 0-1

[Event "Bykova Memorial op (Women)"]
[Site "Vladimir"]
[Date "2007.12.17"]
[Round "4"]
[White "Homiakova, Ekaterina"]
[Black "Manakova, Irina"]
[Result "1-0"]
[WhiteElo "2106"]
[BlackElo "2200"]
[PlyCount "127"]
[EventDate "2007.12.14"]
[EventType "swiss"]
[EventRounds "10"]
[EventCountry "RUS"]
[SourceTitle "CBM 122 Extra"]
[Source "ChessBase"]
[SourceDate "2008.03.04"]
[SourceVersion "1"]
[SourceVersionDate "2008.03.04"]
[SourceQuality "1"]

1. e4 e5 2. Nf3 Nc6 3. Bb5 f5 4. d3 fxe4 5. dxe4 Nf6 6. 0-0 d6 7. a3 Be7 8. Bc4 Bg4 9. Qd3 Bxf3 10. Qxf3 Qd7 11. Nc3 0-0-0 12. b4 Rhf8 13. Qd3 Nh5 14. b5 Nd4 15. Nd5 Bf6 16. Be3 Qg4 17. f3 Qg6 18. f4 Qe8 19. f5 c6 20. bxc6 Nxc6 21. Bb5 Kb8 22. Nb4 Nf4 23. Bxf4 exf4 24. Bxc6 bxc6 25. Na6+ Kc8 26. Rab1 Qe5 27. Rb8+ Kd7 28. Rb7+ Ke8 29. Nc7+ Kf7 30. Qb3+ d5 31. Ne6+ Kg8 32. Nxf8 Rxf8 33. exd5 cxd5 34. Rd7 Qe3+ 35. Qxe3 fxe3 36. Rxd5 Rc8 37. Re1 Bg5 38. Re2 Rb8 39. g3 Re8 40. Rd7 Ra8 41. Kg2 a5 42. a4 Re8 43. Rd5 Bd8 44. Kf3 Bb6 45. Rb5 Bd4 46. Rxa5 Bc3 47. Rb5 Bd2 48. c4 g6 49. g4 Kf7 50. c5 gxf5 51. gxf5 Rc8 52. a5 Rc6 53. Ke4 Ra6 54. Rb7+ Ke8 55. Rb5 Kd7 56. Rxe3 Bxe3 57. Kxe3 Rh6 58. Rb7+ Kc8 59. Rb2 Kc7 60. Kd4 Ra6 61. Ra2 Rf6 62. Ke5 Rc6 63. Kd5 Rf6 64. Rf2 1-0

[Event "Bykova Memorial op (Women)"]
[Site "Vladimir"]
[Date "2007.12.14"]
[Round "1"]
[White "Manakova, Irina"]
[Black "Pischurina, Ekaterina"]
[Result "1-0"]
[WhiteElo "2200"]
[BlackElo "1906"]
[PlyCount "77"]
[EventDate "2007.12.14"]
[EventType "swiss"]
[EventRounds "10"]
[EventCountry "RUS"]
[SourceTitle "CBM 122 Extra"]
[Source "ChessBase"]
[SourceDate "2008.03.04"]
[SourceVersion "1"]
[SourceVersionDate "2008.03.04"]
[SourceQuality "1"]

1. e4 c5 2. Nf3 d6 3. Bb5+ Bd7 4. Bxd7+ Qxd7 5. 0-0 g6 6. c3 Nf6 7. Qe2 Nc6 8. d4 cxd4 9. cxd4 Bg7 10. Rd1 0-0 11. Nc3 d5 12. e5 Ne8 13. Ng5 Nc7 14. f4 e6 15. b3 Rfc8 16. Ba3 b6 17. Rac1 Rab8 18. Nf3 a6 19. Na4 Nb5 20. Bb2 Qa7 21. Nc3 Nxc3 22. Rxc3 Nb4 23. Rdc1 Rxc3 24. Bxc3 Rc8 25. Qd2 Nc6 26. Bb4 Bf8 27. Bxf8 Kxf8 28. f5 exf5 29. Qh6+ Ke7 30. Qxh7 Rc7 31. Qh4+ Kd7 32. Qf6 Ne7 33. e6+ fxe6 34. Re1 Kc8 35. Qxe6+ Kb8 36. Qd6 Kc8 37. Ng5 b5 38. Ne6 Rd7 39. Rc1+ 1-0

[Event "Gornozavodsk-ch 8th okrug op"]
[Site "Nizhnij Tagil"]
[Date "2007.07.30"]
[Round "6"]
[White "Lizunov, Nikolay"]
[Black "Manakova, Irina"]
[Result "0-1"]
[WhiteElo "2158"]
[BlackElo "2187"]
[PlyCount "86"]
[EventDate "2007.07.24"]
[EventType "swiss"]
[EventRounds "9"]
[EventCountry "RUS"]
[SourceTitle "EXT 2022"]
[Source "ChessBase"]
[SourceDate "2021.10.06"]
[SourceVersion "1"]
[SourceVersionDate "2021.10.06"]
[SourceQuality "1"]

1. Nf3 Nf6 2. g3 d5 3. Bg2 c5 4. 0-0 Nc6 5. d3 Bg4 6. h3 Bh5 7. g4 Bg6 8. Bf4 e6 9. Nc3 Bd6 10. Qd2 a6 11. Rfe1 d4 12. Nd1 e5 13. Bg5 h5 14. Nh4 Be7 15. Nxg6 fxg6 16. e3 hxg4 17. Bxf6 gxf6 18. hxg4 Qd7 19. Qe2 Rh4 20. f3 0-0-0 21. Nf2 dxe3 22. Qxe3 Nd4 23. Rac1 Ne6 24. c3 Kb8 25. Rcd1 Qc7 26. Qe4 Rh6 27. a3 Bd6 28. b4 Qf7 29. Qc4 cxb4 30. axb4 Rc8 31. Qd5 Qe7 32. Ne4 Bc7 33. Nc5 Bb6 34. d4 Bxc5 35. bxc5 Rd8 36. Qc4 Nf4 37. c6 Rdh8 38. Rd2 b5 39. Qa2 Nxg2 40. Rxg2 Rh1+ 41. Kf2 Rxe1 42. Kxe1 exd4+ 43. Re2 Rh1+ 0-1

[Event "Gornozavodsk-ch 8th okrug op"]
[Site "Nizhnij Tagil"]
[Date "2007.07.25"]
[Round "2"]
[White "Manakova, Irina"]
[Black "Marchenko, Andrey"]
[Result "1-0"]
[WhiteElo "2187"]
[BlackElo "1878"]
[PlyCount "55"]
[EventDate "2007.07.24"]
[EventType "swiss"]
[EventRounds "9"]
[EventCountry "RUS"]
[SourceTitle "EXT 2022"]
[Source "ChessBase"]
[SourceDate "2021.10.06"]
[SourceVersion "1"]
[SourceVersionDate "2021.10.06"]
[SourceQuality "1"]

1. e4 c6 2. d4 d5 3. exd5 cxd5 4. Bd3 Nc6 5. c3 Nf6 6. Bf4 e6 7. Nf3 Bd6 8. Be5 Bxe5 9. Nxe5 Nxe5 10. dxe5 Nd7 11. f4 Qb6 12. Qe2 Nc5 13. b3 Bd7 14. Nd2 Nxd3+ 15. Qxd3 Bb5 16. Qg3 0-0 17. a4 Qa6 18. Kf2 Bd3 19. Rhe1 Rac8 20. Rac1 Bg6 21. Nf3 Qa5 22. Nd4 a6 23. Qe3 Be4 24. g4 g6 25. f5 exf5 26. gxf5 gxf5 27. Rg1+ Kh8 28. Qh6 1-0

[Event "RUS-chT (Women)"]
[Site "Sochi"]
[Date "2007.05.09"]
[Round "9"]
[White "Manakova, Irina"]
[Black "Fominykh, Maria"]
[Result "0-1"]
[WhiteElo "2244"]
[BlackElo "2306"]
[PlyCount "40"]
[EventDate "2007.05.01"]
[EventType "team"]
[EventRounds "11"]
[EventCountry "RUS"]
[SourceTitle "CBM 118 Extra"]
[Source "ChessBase"]
[SourceDate "2007.07.04"]
[SourceVersion "1"]
[SourceVersionDate "2007.07.04"]
[SourceQuality "1"]

1. e4 d6 2. d4 Nf6 3. Nc3 g6 4. Nf3 Bg7 5. Be2 0-0 6. h3 c6 7. a4 e5 8. Be3 Qe7 9. Bd3 exd4 10. Nxd4 Nbd7 11. Nde2 Nc5 12. Ng3 d5 13. exd5 Nxd5 14. Nxd5 cxd5 15. Be2 Bxb2 16. Qxd5 Bc3+ 17. Kf1 Bxa1 18. Bxc5 Rd8 19. Qc4 Qc7 20. Be3 Rd1+ 0-1

[Event "RUS-chT (Women)"]
[Site "Sochi"]
[Date "2007.05.08"]
[Round "8"]
[White "Murashova, Ekaterina"]
[Black "Manakova, Irina"]
[Result "1-0"]
[WhiteElo "2204"]
[BlackElo "2244"]
[PlyCount "163"]
[EventDate "2007.05.01"]
[EventType "team"]
[EventRounds "11"]
[EventCountry "RUS"]
[SourceTitle "CBM 118 Extra"]
[Source "ChessBase"]
[SourceDate "2007.07.04"]
[SourceVersion "1"]
[SourceVersionDate "2007.07.04"]
[SourceQuality "1"]

1. e4 e5 2. Nf3 Nc6 3. Bb5 f5 4. d3 fxe4 5. dxe4 Nf6 6. 0-0 d6 7. Nc3 Be7 8. Qd3 Bg4 9. h3 Bd7 10. Ne2 Na5 11. Bxd7+ Qxd7 12. Ng3 g6 13. Bh6 Nc6 14. b4 Nd8 15. Rad1 Bf8 16. Bg5 Bg7 17. Qb3 Qf7 18. Qa4+ Qd7 19. Qa5 Nc6 20. Qa3 Qf7 21. b5 Ne7 22. b6 0-0 23. bxc7 Nc8 24. Qb3 b6 25. Qc3 a5 26. Nd2 Ra7 27. Qd3 Rxc7 28. c4 Nd7 29. Qe2 Nc5 30. f4 exf4 31. Rxf4 Qe8 32. Rxf8+ Kxf8 33. Nf3 Ne6 34. Be3 Qc6 35. Rf1 Kg8 36. Qf2 Qxc4 37. Rc1 Qb5 38. Rxc7 Nxc7 39. Qc2 Qd7 40. Bxb6 Nxb6 41. Qb3+ d5 42. Qxb6 dxe4 43. Nxe4 a4 44. Qb8+ Ne8 45. Qb4 h6 46. Qc4+ Kh8 47. Nc3 a3 48. Nd5 Nd6 49. Qa6 Nb5 50. Nf4 Qd1+ 51. Kh2 Qd6 52. Qxd6 Nxd6 53. Nxg6+ Kg8 54. Nfe5 Ne4 55. Nc4 Bb2 56. Nf4 Nc3 57. Nd3 Ba1 58. Nxa3 Nxa2 59. Nc2 Bg7 60. Ne3 Nc3 61. Nf5 Bf8 62. Ne5 Kh7 63. h4 Nd5 64. Kg3 Ne7 65. Nxe7 Bxe7 66. Kg4 Bd6 67. Nc4 Bb4 68. Kh5 Be1 69. Ne5 Bd2 70. Kg4 Bc3 71. Kf5 Be1 72. h5 Kg7 73. Ke6 Bc3 74. Nc4 Bd4 75. Nd6 Bc3 76. Nf5+ Kh7 77. Kf7 Bb4 78. Ne3 Bd2 79. Ng4 Bc1 80. Nf6+ Kh8 81. Kg6 Bb2 82. Ng4 1-0

[Event "RUS-chT (Women)"]
[Site "Sochi"]
[Date "2007.05.07"]
[Round "7"]
[White "Manakova, Irina"]
[Black "Gaponenko, Inna"]
[Result "0-1"]
[WhiteElo "2244"]
[BlackElo "2451"]
[PlyCount "48"]
[EventDate "2007.05.01"]
[EventType "team"]
[EventRounds "11"]
[EventCountry "RUS"]
[SourceTitle "CBM 118 Extra"]
[Source "ChessBase"]
[SourceDate "2007.07.04"]
[SourceVersion "1"]
[SourceVersionDate "2007.07.04"]
[SourceQuality "1"]

1. e4 c5 2. Nf3 d6 3. c3 Nf6 4. Bc4 Qc7 5. Qe2 Bg4 6. h3 Bxf3 7. Qxf3 Nc6 8. Bb3 g6 9. d3 Bg7 10. Be3 0-0 11. Nd2 Nd7 12. g4 b5 13. h4 Nce5 14. Qe2 Rac8 15. Bd1 c4 16. dxc4 bxc4 17. Bc2 Qb7 18. Rb1 Nf6 19. g5 Nh5 20. Rg1 Qa6 21. Ra1 Rb8 22. Bd4 Rxb2 23. Bb1 Nf4 24. Qf1 Ned3+ 0-1

[Event "Stone Flower-D"]
[Site "Nizhnij Tagil"]
[Date "2007.01.??"]
[Round "8"]
[White "Muratova, Irina"]
[Black "Manakova, Irina"]
[Result "0-1"]
[WhiteElo "1917"]
[BlackElo "2225"]
[PlyCount "80"]
[EventDate "2007.01.16"]
[EventType "tourn"]
[EventRounds "10"]
[EventCountry "RUS"]
[SourceTitle "EXT 2019"]
[Source "ChessBase"]
[SourceDate "2018.10.10"]
[SourceVersion "1"]
[SourceVersionDate "2018.10.10"]
[SourceQuality "1"]

1. g3 d5 2. Bg2 c5 3. Nf3 Nc6 4. 0-0 Nf6 5. d3 Bg4 6. Nbd2 h6 7. h3 Bf5 8. Nb3 e6 9. Nbd2 Be7 10. c4 d4 11. Qb3 Qc7 12. Re1 0-0 13. e4 dxe3 14. Rxe3 Rad8 15. Ne4 Rd7 16. Bd2 Rfd8 17. Rd1 b6 18. Nxf6+ Bxf6 19. Bc3 Nd4 20. Bxd4 Bxd4 21. Nxd4 Rxd4 22. g4 Bg6 23. Be4 f5 24. gxf5 exf5 25. Bd5+ Kh7 26. Rde1 f4 27. Re7 Rd7 28. R7e6 Rd6 29. Qd1 Rxe6 30. Rxe6 Qd8 31. Qg4 Bxd3 32. Re5 Bg6 33. h4 f3 34. Qxf3 Qxh4 35. Be6 Rd3 36. Re3 Qg5+ 37. Kf1 Rxe3 38. fxe3 Qe5 39. Qd5 Qxe3 40. Bg8+ Kh8 0-1